Language Quiz

Random Language or Letter Quiz

1-10 Letter W Words Quiz Stats

Quiz Updated Sep 5, 2015

Challenge
Share
Tweet
Embed
Score 0/10 Timer 02:00
10 Plays Today
Clue W-Word % Correct
The symbol for the element tungstenW
100%
A quiet hushed talkwhisper
94.3%
Hermione Granger or Broom-Hilda, e.g.witch
92.3%
A bowl-shaped vessel for stir-fryingwok
92%
Annelid creature used as baitworm
89.7%
This is a term for a loo or a bathroomWC
83.1%
Painful physical symptoms after giving up drugswithdrawal
80.5%
On a calendar, this is named after OdinWednesday
78.4%
Tool that Brits call a spannerwrench
71.5%
Documentation of a maker's responsibility for a productwarranty
63.1%

You're not logged in!

Compare scores with friends on all Sporcle quizzes.
Join for Free
OR
Log In

You Might Also Like...

Show Comments

Extras

Top Quizzes Today


Score Distribution

Your Account Isn't Verified!

In order to create a playlist on Sporcle, you need to verify the email address you used during registration. Go to your Sporcle Settings to finish the process.

Report this User

Report this user for behavior that violates our Community Guidelines.

Details: